000 00975cam a2200157 4500500
005 20251017190459.0
041 _afre
042 _adc
100 1 0 _aLaroque, Marie-France
_eauthor
245 0 0 _aLes prix 2024 du Comité d’histoire de la Sécurité sociale
260 _c2025.
500 _a93
520 _aLorsque l’on transpose nos normes de la bonne vieillesse ou de la bonne mort, forgées dans nos pratiques soignantes ou nos expériences personnelles, ne risque-t-on pas d’être en décalage avec celles et ceux qui vivent ces réalités ? Faire de la mort des personnes âgées un objet scientifique apparaît aujourd’hui nécessaire mais cela ne peut se faire sans déconstruire les idéologies qui l’entourent.
786 0 _nRevue d'histoire de la protection sociale | 18 | 1 | 2025-09-02 | p. 268-276 | 1969-9123
856 4 1 _uhttps://shs.cairn.info/revue-revue-dhistoire-de-la-protection-sociale-2025-1-page-268?lang=fr&redirect-ssocas=7080
999 _c1551601
_d1551601